Medzinárodný projekt "ENER SUPPLY" energetická efektívnosť a obnoviteľné zdroje energií - podpora regionálnych energetických politík
Salvato in:
| Autore principale: | |
|---|---|
| Altri autori: | |
| Natura: | Capitolo di libro |
| Lingua: | slovacco |
| Soggetti: | |
| Tags: |
Nessun Tag, puoi essere il primo ad aggiungerne!!
|
MARC
| LEADER | 00000naa a2200000 4500 | ||
|---|---|---|---|
| 001 | 0195122 | ||
| 005 | 20240502073254.1 | ||
| 041 | 0 | |a slo | |
| 044 | |a SK | ||
| 245 | 1 | 0 | |a Medzinárodný projekt "ENER SUPPLY" |b energetická efektívnosť a obnoviteľné zdroje energií - podpora regionálnych energetických politík |c Jana Naščáková, Marcela Gergeľová |
| 610 | 2 | 0 | |a projekty medzinárodné |
| 610 | 2 | 0 | |a zdroje energie obnoviteľné |
| 610 | 2 | 0 | |a efektívnosť |
| 100 | 1 | |a Naščáková, Jana | |
| 700 | 1 | |a Gergeľová, Marcela | |